000 01140nam a22003497a 4500
003 CHAP
005 20220329141301.0
008 971010s1982 r 00010 d
010 _a65741
011 _a66713
035 _a75484
040 _cCHAP
082 0 4 _a519.5
_bB4
100 0 0 _aBender, Filmore Edmund.
_911541
245 1 _aStatistical method for food and agriculture
260 _aWestport, Conn. :
_bAvi,
_c1982
300 _a345 p.
_b: ilus. ; gráfs.
590 _aBATCH-UPD
_b10
_c20130110
_lUCH01
_h0024
590 _aBATCH-UPD
_b10
_c20130110
_lUCH01
_h0508
590 _aBATCH-UPD
_b10
_c20130409
_lUCH01
_h2005
590 _aBATCH-UPD
_b10
_c20130410
_lUCH01
_h1418
590 _aBATCH-UPD
_b10
_c20130914
_lUCH01
_h0147
590 _aCONVERSION
_b10
_c20130109
_lUCH01
_h1336
650 1 4 _aAgricultura
_xMetodos estadisticos.
_91745
650 1 4 _aAlimentos
_xMétodos estadísticos.
_94255
650 1 4 _aEstadística.
_938241
700 0 _aDouglas, Larry W.
_934084
700 0 _aKramer, Amihud.
_963847
901 _aBK
942 _cLIBRO
949 _a519.5 B4
_bBC
_cLIBRO
_d33724000409884
_eLIBRO
_gI. 125745
_h65163
_i75484
_si
999 _c65741
_d65741